Statistics for Country Nicknames

Click here to take the quiz!

General Stats

  • This quiz has been taken 67,341 times
    (2,078 since last reset)
  • The average score is 16 of 23

Answer Stats

Nickname Country % Correct
The Land of the Rising SunJapan
97%
HollandNetherlands
94%
The Land of the FreeUnited States
94%
The Gift of the NileEgypt
94%
'NamVietnam
92%
India's TeardropSri Lanka
92%
The BootItaly
91%
The Holy LandIsrael
89%
The Great White NorthCanada
88%
Land of the IncasPeru
87%
The Emerald IsleIreland
85%
OzAustralia
73%
The Land of the MagyarsHungary
67%
The Graveyard of EmpiresAfghanistan
56%
The Bread Basket of EuropeUkraine
52%
HelvetiaSwitzerland
50%
The Middle KingdomChina
48%
The Hermit KingdomNorth Korea
45%
The HexagonFrance
43%
Rainbow NationSouth Africa
37%
The Emerald of the EquatorIndonesia
35%
The Land of SmilesThailand
33%
Land of the Long White CloudNew Zealand
27%

Score Distribution

Percentile by Number Answered

Percent of People with Each Score

Your Score History

You have not taken this quiz since the last reset